000 00866cam a2200181 4500
001 WB3704-22
008 000000n2001 000 0 eng u
035 _a(Sirsi) u110571
245 _aThurrock BC v SOS Environment, Transport and the Regions
260 _c2001
490 _aEstates Gazette Case Summaries
_v[2001] EGCS 3 (20/01/01)
520 _aCA 13 December 2001. Raised a point of general importance in relation to amendment of claims made in the Civil Procedure Rules. The inspector allowed appeals against an enforcment notice; T erroneously sought leave to appeal under wrong statutory provision and applied for leave to amend the form. Leave was granted. Appeal dismissed.
590 _aWB
650 _aCIVIL PROCEDURE RULES
650 _aPLANNING PROCEDURE
690 _aENVIRONMENTAL AND LAND CONSULTANCY-PLANNING AND DEVELOPMENT
942 _n0
999 _c65911
_d65911